00686nas a2200205 a 450000100060000000300080000600500170001400800410003103500190007204000370009104100080012808200220013624500800015826000530023830000350029150400510032665000350037765000410041270000270045329632BD-RjUL20211209051434.0140406s1981 njuar1 b 0u1ua0eng d a(BD-RjUL)29717 aNSDcNSDdNSTdBOSdBD-RjULbeng aeng04a155bADV V-1 198100aAdvances in school psychology /cedited by Thomas R. Kratochwill.nVolume 1 aHillsdale, N.J. :bL. Erlbaum Associates,c1981. axvii, 344 p. :bill. ;c23 cm. aIncludes bibliographical references and index. 0aChild psychologyxPeriodicals. 0aEducational psychologyxPeriodicals.1 aKratochwill, Thomas R.